000 00711nam a2200217Ii 4500
003 JO-AjNU
008 230606s9999||||xx |||||||||||||| ||und||
020 _a978-1-83921-699-2
040 _aJO-AjNU
_beng
_erda
_cJO-AjNU
041 _aeng
050 1 4 _aQA76.9 2020
100 3 _acunningham,chase,
_eauthor
_96649
245 0 0 _acyber Warfare-Truth, Tactics, and strategies:strategic concepts and truths to help you and your organization survive on the battleground of warfare
250 _a1ed
264 3 1 _aBIRMINGHAM-MUMBAI:PACKT,2020
300 _a308p
336 _atext
_btxt
_2rdacontent
337 _aunmediated
_bn
_2rdamedia
338 _avolume
_bnc
_2rdacarrier
650 4 _acyber Warfare
_96650
999 _aE3451
_c3445
_d3445